000 01298nam a22003254a 4500
001 ebr10157874
003 CaPaEBR
006 m u
007 cr cn|||||||||
008 030806s2004 msua sb 001 0 eng
020 _z1578065917 (cloth : alk. paper)
020 _z1578065925 (pbk. : alk. paper)
040 _aCaPaEBR
_cCaPaEBR
035 _a(OCoLC)55535307
050 1 4 _aRC392
_b.T39 2004eb
082 0 4 _a616.8/4912
_222
100 1 _aTepper, Stewart J.
245 1 0 _aUnderstanding migraine and other headaches
_h[electronic resource] /
_cStewart J. Tepper.
260 _aJackson, Miss. :
_bUniversity Press of Mississippi,
_cc2004.
300 _aviii, 130 p. :
_bill.
490 1 _aUnderstanding health and sickness series
504 _aIncludes bibliographical references (p. 124) and index.
533 _aElectronic reproduction.
_bPalo Alto, Calif. :
_cebrary,
_d2013.
_nAvailable via World Wide Web.
_nAccess may be limited to ebrary affiliated libraries.
650 0 _aMigraine.
650 0 _aHeadache.
655 7 _aElectronic books.
_2local
710 2 _aebrary, Inc.
830 0 _aUnderstanding health and sickness series.
856 4 0 _uhttp://site.ebrary.com/lib/rucke/Doc?id=10157874
_zAn electronic book accessible through the World Wide Web; click to view
999 _c93723
_d93723